01823nam a22003257a 4500003000900000008004100009040007100050082002400121110003500145245003600180260008300216300004500299440006100344505075600405650002201161650002401183650002601207650002901233650001901262650001201281650001601293650001301309700002901322700002601351700001801377700002101395700002001416700002701436710003401463AR-CdUCM190425b ||||| |||| 00| 0 spa d aMUNICIPALIDAD PROVINCIAL DEL CUSCOcBIBLIOTECA MUNICIPAL DEL CUSCO aParlante/N°75/2002 aCentro Guamán Poma de Ayala  aParlante :bRevista del Cusco / aCusco :bCentro de Educación y Comunicación Guamán Poma de Ayala,c2002. a32 páginas. :bilustraciones ;c30 cm. aParlante revista del Cusco.nAño 18, N°75, mayo 2002. aContenido: Reconocimiento nuestra diversidad. Hildebrando Castro Pozo. -- Gobiernos locales, Perú entre las crisis y las esperanzas: Michel Azcueta. -- Las mesas de concertación y los planes de desarrollo. -- Descentralización para generar desarrollo y democratizar. Luis Nieto Degregori. -- La Cámara de Comercio y los problemas de nuestra region. -- La fabrica de Lucre. Elena Llosa. -- Encuestas sobre gestión municipal elecciones, ruidos y derechos del consumidor. -- Recuperación el barrio de San Pedro. Giovanna Alfaro. -- Aguas subterráneas contaminadas. Rene Pumayalli. -- Unidas contra la violencia familiar. Luz Marina Monteagudo. -- El señor de las plantas. -- Se hace camino al andar. -- Peor imposible. Miriam Carmona.  aGobiernos locales aDescentralización aProduccion y recursos aCentro Histórico Cusco aMedio ambiente aCultura aEducación aDeportes aCastro Pozo, Hildebrando aNieto Degregori, Luis aLlosa, Eleana aAlfaro, Giovanna aPumayalli, Rene aMonteagudo, Luz Marina aCentro Guamán Poma de Ayala